The influence of organisational and staff characteristics on local governments’ efficiency: The case of Mexican municipalities (Record no. 529436)

000 -LEADER
fixed length control field 01464nam a22001457a 4500
008 - FIXED-LENGTH DATA ELEMENTS--GENERAL INFORMATION
fixed length control field 250320b ||||| |||| 00| 0 eng d
100 ## - MAIN ENTRY--PERSONAL NAME
Personal name Salazar-Adams, Alejandro
245 ## - TITLE STATEMENT
Title The influence of organisational and staff characteristics on local governments’ efficiency: The case of Mexican municipalities
260 ## - PUBLICATION, DISTRIBUTION, ETC. (IMPRINT)
Place of publication, distribution, etc Local Government Studies
300 ## - PHYSICAL DESCRIPTION
Extent 50(2), Apr, 2024: p.287-306
520 ## - SUMMARY, ETC.
Summary, etc Administrative capacity depends on organisational and human factors that can enhance or diminish the performance of local governments. To analyse the effect of these factors, efficiency scores of municipal governments were calculated and regressed against organisational and staff characteristics, using double bootstrap data envelopment analysis, on a sample of 1470 Mexican municipalities. Of the variables related to staff characteristics, the proportion of employees with college education, and remunerations, have a positive and statistically significant effect on efficiency. Of the organisational characteristics of local governments, the number of computers per employee was the main variable explaining the efficiency of municipal governments.-Reproduced

https://www.tandfonline.com/doi/full/10.1080/03003930.2023.2198218
650 ## - SUBJECT ADDED ENTRY--TOPICAL TERM
Topical term or geographic name as entry element Double bootstrap data envelopment analysis, Local governments performance, Administrative capacity, Municipal services Human resources.
9 (RLIN) 51436
773 ## - HOST ITEM ENTRY
Main entry heading Local Government Studies
942 ## - ADDED ENTRY ELEMENTS (KOHA)
Item type Articles
Holdings
Withdrawn status Lost status Source of classification or shelving scheme Damaged status Not for loan Permanent location Current location Date acquired Serial Enumeration / chronology Barcode Date last seen Koha item type
          Indian Institute of Public Administration Indian Institute of Public Administration 2025-03-20 50(2), Apr, 2024: p.287-306 AR135408 2025-03-20 Articles

Powered by Koha